000 00667nam a22002054i 4500
001 Rebiun34797833
003 AR-RoIUNI
005 20260211162811.0
008 240103s2023 it a||||-|||||||| |-ita|c
020 _a9791259801722
040 _aES-LlUDL
_bcat
_erda
_cES-LlUDL
080 _a811.131.1
100 1 _aCernigliaro, Maria Angela,
_eautor
245 1 0 _aProgetto italiano nel tempo libero :
_bA1-A2 : attività ludiche per ripassare l'italiano in modo divertente! /
_cMaria Angela Cernigliaro
250 _a1a. ed.
260 _aRoma :
_bEdilingua,
_c2023
300 _a96 p. :
_bil. col. ;
_c24 cm
650 0 _aItaliano
_xLengua
_9544
942 _2cdu
_cBK
999 _c6398
_d6398